The Autonomy Theme in the Church Dogmatics : (Record no. 604616)

MARC details
000 -LEADER
fixed length control field 00531nam a2200193 a 4500
008 - FIXED-LENGTH DATA ELEMENTS--GENERAL INFORMATION
fixed length control field 251224s1990##################000#0#eng##
020 ## - INTERNATIONAL STANDARD BOOK NUMBER
ISBN 9780521346269
082 04 - DEWEY DECIMAL CLASSIFICATION NUMBER
Classification number 232.5
Item number BAR
100 1# - MAIN ENTRY--AUTHOR NAME
Personal name Macken, John,
245 10 - TITLE STATEMENT
Title The Autonomy Theme in the Church Dogmatics :
260 ## - PUBLICATION, DISTRIBUTION, ETC. (IMPRINT)
Name of publisher Cambridge University Press,
Year of publication 1990.
300 ## - PHYSICAL DESCRIPTION
Number of Pages 242 pages
650 #0 - SUBJECT ADDED ENTRY--TOPICAL TERM
Topical Term Literary Collections.
942 ## - ADDED ENTRY ELEMENTS (KOHA)
Koha item type English Books
Holdings
Withdrawn status Lost status Damaged status Not for loan Home library Current library Shelving location Date acquired Full call number Accession Number Price effective from Koha item type
        Anna Centenary Library Anna Centenary Library 3RD FLOOR, B WING 26.12.2025 232.5 BAR 239792 26.12.2025 English Books

Find us on the map